[Event "AUT-ch Vor2 Internet"]
[Site "Playchess.com INT"]
[Date "2020.04.13"]
[Round "1"]
[White "Guba, Viktor"]
[Black "Prinz, Hubert"]
[Result "0-1"]
[WhiteElo "1401"]
[BlackElo "1956"]
[PlyCount "114"]
[EventDate "2020.04.13"]
[EventType "swiss (blitz)"]
[EventRounds "9"]
[EventCountry "AUT"]
[SourceTitle "CBM 195 Extra"]
[Source "ChessBase"]
[SourceDate "2020.05.31"]
[SourceVersion "1"]
[SourceVersionDate "2020.05.31"]
[SourceQuality "1"]

1. e4 d5 2. exd5 Qxd5 3. Nc3 Qd6 4. d4 Nf6 5. Nf3 a6 6. Ne5 c5 7. Nf3 cxd4 8. Nxd4 Nc6 9. Nxc6 Qxc6 10. a4 Bf5 11. f3 Rd8 12. Bd2 e6 13. Be2 Bc5 14. Nb5 0-0 15. Nc3 Rd7 16. Qc1 Bd4 17. Rb1 Rfd8 18. Be3 Bxc3+ 19. bxc3 Qxc3+ 20. Kf2 Nd5 21. Rb3 Qxc2 22. Qxc2 Bxc2 23. Rb2 Bxa4 24. Ra1 Bc6 25. Bc5 h6 26. Ra3 Nf4 27. Be3 Nd3+ 28. Bxd3 Rxd3 29. Rxd3 Rxd3 30. Rc2 g5 31. Bb6 Kg7 32. Bc7 Kg6 33. Bb6 f5 34. Rb2 e5 35. Ke2 Rd5 36. Ke3 f4+ 37. Ke2 Rd6 38. Bc5 Bb5+ 39. Kf2 Rd5 40. Bb6 Kf5 41. g3 h5 42. h3 g4 43. fxg4+ hxg4 44. h4 fxg3+ 45. Kxg3 Rd3+ 46. Kg2 Bc6+ 47. Kf2 Rf3+ 48. Ke2 Rh3 49. Bd8 Rh2+ 50. Kf1 Rxb2 51. Kg1 g3 52. Kf1 Kg4 53. h5 Kf3 54. Ke1 g2 55. Bb6 Rxb6 56. h6 Rb2 57. h7 g1Q# 0-1

[Event "AUT-ch Vor2 Internet"]
[Site "Playchess.com INT"]
[Date "2020.04.13"]
[Round "4"]
[White "Prinz, Hubert"]
[Black "Ehs, Dominik"]
[Result "1-0"]
[WhiteElo "1956"]
[BlackElo "2070"]
[PlyCount "125"]
[EventDate "2020.04.13"]
[EventType "swiss (blitz)"]
[EventRounds "9"]
[EventCountry "AUT"]
[SourceTitle "CBM 195 Extra"]
[Source "ChessBase"]
[SourceDate "2020.05.31"]
[SourceVersion "1"]
[SourceVersionDate "2020.05.31"]
[SourceQuality "1"]

1. d4 Nf6 2. Nf3 g6 3. e3 Bg7 4. Bd3 d6 5. 0-0 0-0 6. Nbd2 c5 7. c3 b6 8. e4 Bb7 9. d5 a6 10. c4 Re8 11. Rb1 e6 12. Re1 exd5 13. exd5 Nbd7 14. b3 Ng4 15. h3 Nge5 16. Nxe5 Nxe5 17. Be2 f5 18. Nf3 Nf7 19. Bb2 Bxb2 20. Rxb2 Qf6 21. Rb1 Re7 22. Qd2 Rae8 23. Bf1 Ne5 24. Ng5 Bc8 25. f4 Nf7 26. Nxf7 Kxf7 27. g3 Bd7 28. Kf2 b5 29. Rxe7+ Rxe7 30. Re1 Rxe1 31. Kxe1 bxc4 32. Bxc4 Qa1+ 33. Kf2 Qh1 34. Bf1 Qe4 35. Bg2 Qb1 36. Bf1 Bb5 37. Bxb5 axb5 38. Qe2 Qa1 39. Qe6+ Kg7 40. Qe7+ Kh6 41. Qf8+ Kh5 42. g4+ fxg4 43. hxg4+ Kxg4 44. Qxd6 Qxa2+ 45. Ke1 Qa1+ 46. Kd2 Qd4+ 47. Ke2 c4 48. Qe6+ Kxf4 49. d6 Qd3+ 50. Ke1 c3 51. d7 c2 52. Qf6+ Ke3 53. Qe5+ Qe4 54. Qxe4+ Kxe4 55. Kd2 h5 56. d8Q c1Q+ 57. Kxc1 Kf4 58. Qf6+ Kg4 59. Qxg6+ Kh4 60. Kd2 b4 61. Ke3 Kh3 62. Kf2 h4 63. Qg2# 1-0

[Event "AUT-ch Vor2 Internet"]
[Site "Playchess.com INT"]
[Date "2020.04.13"]
[Round "7"]
[White "Prinz, Hubert"]
[Black "Ressmann, Walter"]
[Result "1/2-1/2"]
[WhiteElo "1956"]
[BlackElo "1868"]
[PlyCount "163"]
[EventDate "2020.04.13"]
[EventType "swiss (blitz)"]
[EventRounds "9"]
[EventCountry "AUT"]
[SourceTitle "CBM 195 Extra"]
[Source "ChessBase"]
[SourceDate "2020.05.31"]
[SourceVersion "1"]
[SourceVersionDate "2020.05.31"]
[SourceQuality "1"]

1. d4 Nf6 2. e3 d5 3. Nf3 Bg4 4. c4 e6 5. Qb3 b6 6. Nbd2 Bxf3 7. Nxf3 c6 8. cxd5 Qxd5 9. Bc4 Qd6 10. a3 Be7 11. Bd2 0-0 12. 0-0 Nbd7 13. Rfd1 Qc7 14. Bc3 c5 15. Rac1 Rac8 16. Ba6 Rb8 17. Ne5 Nxe5 18. dxe5 Ne4 19. Bd3 Nxc3 20. Qxc3 Rbd8 21. f4 Rd7 22. Bb5 Rxd1+ 23. Rxd1 Rd8 24. Qc2 Rxd1+ 25. Qxd1 Qd8 26. Qxd8+ Bxd8 27. b3 Kf8 28. Kf2 Ke7 29. e4 Bc7 30. Ke3 g5 31. g4 gxf4+ 32. Kxf4 f6 33. h3 Bxe5+ 34. Ke3 Bd4+ 35. Kf4 Be5+ 36. Ke3 Kd6 37. a4 Bb2 38. Kf4 Bc1+ 39. Kf3 Ke5 40. Bc4 f5 41. exf5 exf5 42. gxf5 Kxf5 43. Bd3+ Ke5 44. Bxh7 Bh6 45. Ke2 Kd4 46. Bg8 Bg5 47. Kf3 Ke5 48. Kg4 Be3 49. h4 Kf6 50. h5 a6 51. Bc4 a5 52. Kf3 Bh6 53. Ke4 Ke7 54. Kd5 Kd7 55. Bd3 Be3 56. Kc4 Kc7 57. Be4 Bh6 58. Kd5 Bf4 59. Ke6 Be3 60. Bd5 Bd2 61. Kf6 Kd6 62. Bc4 Be3 63. Kg6 Ke7 64. h6 Kf8 65. h7 Bd4 66. Kf5 Ke7 67. Ke4 Kf8 68. Kd5 Bc3 69. Kc6 Bb4 70. Kxb6 Kg7 71. Bd3 Kh8 72. Kb5 Kg7 73. Kc4 Kh8 74. Kd5 Kg7 75. Ke6 Kh8 76. Kf7 Bc3 77. Kg6 Bb4 78. Kf5 Bc3 79. Ke6 Bb4 80. Kd5 Kg7 81. Kc4 Kh8 82. Kd5 1/2-1/2

[Event "Zwettl op"]
[Site "Zwettl"]
[Date "2012.07.25"]
[Round "5"]
[White "Mlynek, Petr"]
[Black "Prinz, Hubert"]
[Result "1/2-1/2"]
[WhiteElo "2127"]
[BlackElo "1880"]
[PlyCount "60"]
[EventDate "2012.07.21"]
[EventType "swiss"]
[EventRounds "9"]
[EventCountry "AUT"]
[SourceTitle "CBM 149 Extra"]
[Source "ChessBase"]
[SourceDate "2012.08.24"]
[SourceVersion "1"]
[SourceVersionDate "2012.08.24"]
[SourceQuality "1"]

1. d4 d5 2. c4 dxc4 3. Nf3 Nf6 4. e3 e6 5. Bxc4 a6 6. 0-0 c5 7. Qe2 b5 8. Bb3 cxd4 9. exd4 Nd5 10. Nc3 Bb7 11. Bg5 Be7 12. Bxe7 Nxe7 13. Ng5 Qd6 14. d5 Nxd5 15. Nxd5 Bxd5 16. Rad1 0-0 17. Qd3 g6 18. Bxd5 exd5 19. Qxd5 Qxd5 20. Rxd5 h6 21. Ne4 Nc6 22. Rd6 Ne5 23. b3 Rfd8 24. Rfd1 Rxd6 25. Rxd6 Rc8 26. Kf1 Rc6 27. Rd8+ Kg7 28. f4 Ng4 29. h3 Nf6 30. Nxf6 Kxf6 1/2-1/2